Statistics for A-Z Countries - Part 1

Click here to take the quiz!

General Stats

  • This quiz has been taken 32 times
    (8 since last reset)
  • The average score is 22 of 24

Answer Stats

HintAnswer% Correct
AfAfghanistan
100%
EcEcuador
100%
FrFrance
100%
GeGermany
100%
ItItaly
100%
JoJordan
100%
OmOman
100%
QaQatar
100%
RuRussia
100%
SpSpain
100%
UrUruguay
100%
YeYemen
100%
ZiZimbabwe
100%
ChChina
86%
DeDenmark
86%
HaHaiti
86%
KeKenya
86%
PhPhilippines
86%
ThThailand
86%
ViVietnam
86%
BaBahamas
71%
LiLibya
71%
NeNepal
71%
MeMexico
57%

Score Distribution

Percentile by Number Answered

Percent of People with Each Score

Your Score History

You have not taken this quiz since the last reset